000 01447nam a22002897a 4500
001 8325
003 FISKH
005 20250909102402.0
008 250909b cb ||||| |||| 00| 0 eng d
020 _a078073005994
040 _aFISKH
_beng
_cFISKH
_dFISKH
082 _a303
100 _aRyan-Herndon, Lisa
245 _aRobin's case file /
_cby Lisa Ryan-Herndon
250 _aFirst printing, August 2004
260 _aNew York :
_bScholastic ,
_c2004.
300 _a59 pages :
_bcolor illustrations ;
_c19 cm .
490 _aTeen titans
505 _aM
520 _aTeen Titans: five teenage superheroes fighting for truth, justice,and the last slice of pizza! Robin's always been the unofficial leader of the Teen Titans. Even though he doesn't have superpowers, he's daring, able to make quick decisions, smart, and skilled in the martial arts. He's also got a fully-loaded utility belt to help him out of the tough situations he and the team face. But sometimes, even Robin needs help. Help Robin solve one of his toughest cases using the clues and information that he's amassed in his Case Files. There's room for you to write questions-and answers-puzzles to solve, codes to decode, and a surprising answer at the end.
521 8 _a550
_bLexile
521 8 _aM
_bRaz-Plus
650 _aBatman
_vChildren's Books
700 _aFunnypages Productions
_eIllustrator
942 _2ddc
_cBK
_n0
999 _c8325
_d8325